<?xml version="1.0" encoding="UTF-8"?>
<marc:record xmlns:marc="http://www.loc.gov/MARC21/slim">
   <marc:leader>00000nam a2200000 a 4500</marc:leader>
   <marc:datafield ind1=" " ind2=" " tag="653">
      <marc:subfield code="a">CD</marc:subfield>
   </marc:datafield>
   <marc:datafield ind1="0" ind2="0" tag="245">
      <marc:subfield code="a">Die Templer</marc:subfield>
   </marc:datafield>
   <marc:datafield ind1="0" ind2="0" tag="245">
      <marc:subfield code="c">Michael P. Spradlin. Gelesen von Jona Mues. Bearb.: Antje Seibel. Regie: Frank Gustavus. Übers.: Uwe Hausmann</marc:subfield>
   </marc:datafield>
   <marc:datafield ind1=" " ind2="1" tag="264">
      <marc:subfield code="a">Hamburg</marc:subfield>
      <marc:subfield code="b">Oetinger</marc:subfield>
      <marc:subfield code="c">2009</marc:subfield>
   </marc:datafield>
   <marc:datafield ind1="1" ind2=" " tag="520">
      <marc:subfield code="a">Angaben aus der Verlagsmeldung

Die Templer - Der Hüter des Grals : Autorisierte Lesefassung / von Michael P Spradlin

Zeit für Abenteuer! Das Geheimnis der Tempelritter Nachdem der Waisenjunge Tristan vom Tempelritter Sir Thomas Leux als Knappe angenommen wird, ändert sich sein bis dahin ruhiges Leben von Grund auf. Gemeinsam mit Sir Thomas und Richard Löwenherz zieht er ins Heilige Land und kämpft dort gegen die Sarazenen. Als die Ritter den Kampf zu verlieren drohen, betraut Sir Thomas ihn mit der wichtigsten Aufgabe seines Lebens: dem Schutz des Heiligen Grals … Spannung, Intrigen, Lebensgefahr und der größte Schatz der Welt: ein packender Thriller aus der Zeit der Kreuzzüge, mit vielen historischen Figuren. Gelesen von Jona Mues.
</marc:subfield>
   </marc:datafield>
   <marc:datafield ind1=" " ind2=" " tag="020">
      <marc:subfield code="a">9783837304565</marc:subfield>
      <marc:subfield code="9">9783837304565</marc:subfield>
   </marc:datafield>
   <marc:datafield ind1=" " ind2=" " tag="041">
      <marc:subfield code="a">ger</marc:subfield>
   </marc:datafield>
   <marc:datafield ind1="0" ind2=" " tag="490">
      <marc:subfield code="v">0</marc:subfield>
   </marc:datafield>
   <marc:datafield ind1=" " ind2=" " tag="300">
      <marc:subfield code="a">4 CDs</marc:subfield>
   </marc:datafield>
</marc:record>
